Statistics for Pixelated Flags #1

Click here to take the quiz!

General Stats

  • This quiz has been taken 25 times
  • The average score is 10 of 10

Answer Stats

Answer% Correct
France
100%
Japan
100%
Mexico
100%
Russia
100%
Ukraine
100%
United States
100%
Italy
95%
North Korea
95%
Algeria
86%
Peru
77%

Score Distribution

Percentile by Number Answered

Percent of People with Each Score

Your Score History

You have not taken this quiz